Los riesgos hidroclimaticos del agro colombiano ; (Registro nro. 12595)
[ vista simple ]
| 000 -LEADER | |
|---|---|
| fixed length control field | 01008nam a2200229Ia 4500 |
| 003 - CONTROL NUMBER IDENTIFIER | |
| control field | OSt |
| 005 - DATE AND TIME OF LATEST TRANSACTION | |
| control field | 20211006131930.0 |
| 008 - FIXED-LENGTH DATA ELEMENTS--GENERAL INFORMATION | |
| fixed length control field | 210310s1998 ck abdogr 000 0 spa d |
| 020 ## - INTERNATIONAL STANDARD BOOK NUMBER | |
| International Standard Book Number | 958964841X |
| 040 0# - CATALOGING SOURCE | |
| Original cataloging agency | CO-JMCR |
| Transcribing agency | CO-JMCR |
| 041 0# - LANGUAGE CODE | |
| Language code of text/sound track or separate title | spa |
| 082 04 - DEWEY DECIMAL CLASSIFICATION NUMBER | |
| Classification number | 338.14 / |
| Item number | C139r |
| Edition number | 23 |
| 110 2# - MAIN ENTRY--CORPORATE NAME | |
| Corporate name or jurisdiction name as entry element | Caja de Crédito Agrario |
| 9 (RLIN) | 40980 |
| 245 14 - TITLE STATEMENT | |
| Title | Los riesgos hidroclimaticos del agro colombiano ; |
| Remainder of title | región sur oriente / |
| Statement of responsibility, etc. | Caja de Crédito Agrario |
| 260 ## - PUBLICATION, DISTRIBUTION, ETC. | |
| Place of publication, distribution, etc. | Bogotá : |
| Name of publisher, distributor, etc. | Universidad INCA de Colombia, |
| Date of publication, distribution, etc. | 1998. |
| 300 ## - PHYSICAL DESCRIPTION | |
| Extent | 228 páginas : |
| Other physical details | ilustraciones, mapas, fotografías a color ; |
| Dimensions | 28 cm. |
| 505 0# - FORMATTED CONTENTS NOTE | |
| Formatted contents note | Análisis de los riesgos hidrometeorológicos más importantes en la Región Sur Oriente y recomendaciones sobre su prevención y manejo. La sequía. -- Mapas, gráficos y análisis departamentales. -- El Fenómeno El Niño y su impacto. |
| 650 14 - SUBJECT ADDED ENTRY--TOPICAL TERM | |
| Topical term or geographic name entry element | Riegos hidroclimaticos |
| 9 (RLIN) | 40981 |
| 650 24 - SUBJECT ADDED ENTRY--TOPICAL TERM | |
| Topical term or geographic name entry element | Abro colombiano |
| 9 (RLIN) | 40982 |
| 650 24 - SUBJECT ADDED ENTRY--TOPICAL TERM | |
| Topical term or geographic name entry element | Análisis departamentales |
| Form subdivision | Agro |
| 9 (RLIN) | 40983 |
| 942 ## - ADDED ENTRY ELEMENTS (KOHA) | |
| Source of classification or shelving scheme | Dewey Decimal Classification |
| Koha item type | Books |
| Withdrawn status | Lost status | Source of classification or shelving scheme | Damaged status | Not for loan | Home library | Current library | Shelving location | Date acquired | Source of acquisition | Full call number | Barcode | Date last seen | Copy number | Price effective from | Koha item type |
|---|---|---|---|---|---|---|---|---|---|---|---|---|---|---|---|
| Dewey Decimal Classification | Biblioteca Pública José María del Castillo y Rada | Biblioteca Pública José María del Castillo y Rada | General Stacks | 04/15/2018 | Donación | 338.14 / C139r | 430005163 | 05/16/2024 | Ej.1 | 03/10/2021 | Books |